|
|
|
|
| LEADER |
00920cam a2200241 7i4500 |
| 001 |
0000041808 |
| 005 |
20170218090000.0 |
| 020 |
|
|
|a 0415973090 (pbk.)
|
| 020 |
|
|
|a 9780415973090 (pbk.)
|
| 090 |
0 |
0 |
|a N6512.5.M63
|b S54 2008
|
| 100 |
1 |
|
|a Shiff, Richard
|
| 245 |
1 |
0 |
|a Doubt
|c Richard Shiff ; [with an introduction by Rosie Bennett].
|
| 260 |
|
|
|a New York:
|b Routledge,
|c 2008.
|
| 300 |
|
|
|a x, 203 p.:
|b ill.;
|c 22 cm.
|
| 490 |
1 |
|
|a Theories of modernism and postmodernism in the visual arts;
|v 3
|
| 504 |
|
|
|a Includes bibliographical references and index
|
| 650 |
0 |
0 |
|a Art, American --
|y 20th century
|
| 650 |
0 |
0 |
|a Art criticism
|
| 650 |
0 |
0 |
|a Modernism (Art) --
|z United States
|
| 997 |
|
|
|a Communication, Visual Art & Computing, Faculty
|b Visual Art, Department
|
| 998 |
|
|
|a Digital Graphic Design, Degree
|
| 998 |
|
|
|a Digital Graphic Design, Diploma
|
| 999 |
|
|
|a 0000053316
|b BOK
|c OPEN SHELF
|e 1st Floor, Bestari Jaya
|